[Event "COL-ch"]
[Site "Palmira"]
[Date "2017.05.21"]
[Round "10"]
[White "Lopez Rayo, Santiago"]
[Black "Jimenez, Juan Jose"]
[Result "1-0"]
[WhiteElo "1583"]
[BlackElo "1500"]
[PlyCount "25"]
[EventDate "2017.05.15"]
[EventType "swiss"]
[EventRounds "10"]
[EventCountry "COL"]
[SourceTitle "CBM 178 Extra"]
[Source "ChessBase"]
[SourceDate "2017.06.22"]
[SourceVersion "1"]
[SourceVersionDate "2017.06.22"]
[SourceQuality "1"]

1. e4 c5 2. Nf3 g6 3. Bc4 Bg7 4. 0-0 d6 5. c3 Nc6 6. Re1 e6 7. d4 Nge7 8. d5 exd5 9. exd5 Ne5 10. Nxe5 Bxe5 11. Bg5 0-0 12. f4 a6 13. fxe5 1-0

[Event "COL-ch"]
[Site "Palmira"]
[Date "2017.05.18"]
[Round "6"]
[White "Jimenez, Juan Jose"]
[Black "Riascos, Guillermo"]
[Result "0-1"]
[WhiteElo "1500"]
[BlackElo "1816"]
[PlyCount "35"]
[EventDate "2017.05.15"]
[EventType "swiss"]
[EventRounds "10"]
[EventCountry "COL"]
[SourceTitle "CBM 178 Extra"]
[Source "ChessBase"]
[SourceDate "2017.06.22"]
[SourceVersion "1"]
[SourceVersionDate "2017.06.22"]
[SourceQuality "1"]

1. e4 c5 2. Nf3 e6 3. d4 cxd4 4. Nxd4 a6 5. Nc3 Qc7 6. Bd3 Nc6 7. Nf3 b5 8. 0-0 Bb7 9. Re1 g6 10. e5 Bg7 11. Bf4 b4 12. Nb1 Nge7 13. Nbd2 Nd5 14. Bg3 Qb8 15. Qe2 0-0 16. Bc4 Nde7 17. Nb3 Nf5 18. Bf4 0-1

[Event "COL-ch"]
[Site "Palmira"]
[Date "2017.05.16"]
[Round "3"]
[White "Donneys, Franz"]
[Black "Jimenez, Juan Jose"]
[Result "1-0"]
[WhiteElo "1525"]
[BlackElo "1500"]
[PlyCount "69"]
[EventDate "2017.05.15"]
[EventType "swiss"]
[EventRounds "10"]
[EventCountry "COL"]
[SourceTitle "CBM 178 Extra"]
[Source "ChessBase"]
[SourceDate "2017.06.22"]
[SourceVersion "1"]
[SourceVersionDate "2017.06.22"]
[SourceQuality "1"]

1. e4 c5 2. Nf3 g6 3. Bc4 Bg7 4. 0-0 d6 5. c3 Nc6 6. d4 Bg4 7. Bxf7+ Kf8 8. h3 Bxf3 9. Qxf3 Nf6 10. Be6 cxd4 11. Qd3 dxc3 12. Nxc3 Nb4 13. Qc4 a5 14. a3 Na6 15. Be3 Qc7 16. Qb5 Qc6 17. Qxc6 bxc6 18. f4 h6 19. e5 Ne8 20. Bd7 c5 21. Rad1 Rd8 22. Bb5 Nac7 23. Bxc5 Rb8 24. Bxe8 Nxe8 25. exd6 exd6 26. Bxd6+ Nxd6 27. Rxd6 Rxb2 28. Ne4 Rg8 29. Ra6 Re2 30. Ra8+ Kf7 31. Nd6+ Ke7 32. Rxg8 Bd4+ 33. Kh1 Kxd6 34. Rd1 Kc5 35. Rc8+ 1-0